|
|
|
|
| LEADER |
00894nam a2200229 a 4500 |
| 001 |
752713 |
| 008 |
100308s1966 maua b 001 0 eng d |
| 010 |
|
|
|a \\\66010505
|
| 040 |
|
|
|a DLC/ICU
|c ICU
|d DLC
|d BD-DhAAL
|
| 082 |
0 |
0 |
|a 621.4832
|2 17
|
| 100 |
1 |
|
|a Lamarsh, John R.
|
| 245 |
1 |
0 |
|a Introduction to nuclear reactor theory /
|c by John R. Lamarsh.
|
| 260 |
|
|
|a Reading, Mass. :
|b Addison-Wesley Pub. Co.,
|c 1966.
|
| 300 |
|
|
|a xi, 585 p. :
|b illus. ;
|c 24 cm.
|
| 490 |
0 |
|
|a Addison-Wesley series in nuclear engineering
|
| 504 |
|
|
|a Includes bibliographical references and index.
|
| 541 |
1 |
|
|e 00019841
|
| 650 |
|
0 |
|a Nuclear reactors.
|
| 650 |
|
0 |
|a Nuclear physics.
|
| 852 |
4 |
|
|a Ayesha Abed Library
|j General Shelf
|
| 999 |
|
|
|c 7732
|d 7732
|
| 952 |
|
|
|0 0
|1 0
|2 ddc
|4 0
|6 621_483200000000000_LAM_1966
|7 0
|9 8506
|a BRACUL
|b BRACUL
|c GEN
|d 2010-03-08
|l 2
|m 3
|o 621.4832 LAM
|p 3010019841
|r 2015-02-06
|s 2014-06-24
|t 1
|w 2010-03-08
|y BK
|